000 00591nam a2200193 a 4500
005 20210223125344.0
008 040423s2001 mx r 000 0 spa d
020 _a8478975233
035 _aUPN01000133072
049 _aCG
050 4 _aQA76.9 D3
_bP4.6
100 1 _aPérez López, César
_929850
245 1 0 _aOracle 9i :
_badministración y análisis de bases de datos /
_cCésar Pérez López.
260 _aMadrid :
_bRA-MA,
_c2001.
300 _a718 p. :
_bil.
650 4 _aBASES DE DATOS RELACIONADAS
_92941
650 4 _aORACLE (ARCHIVO PARA COMPUTADORA)
_97569
905 _aLibro
999 _c105225
_d105225